000
00230nam a2200097 a 4500
005
20200930070426.0
008
110905s2004 000 spa d
245
0
_a
Periplo de una vida III.
260
_a
s.l,
_c
s.f.
999
_c
33155
_d
33155
040
_a
DO-SdBNP